000 00879nam a22002537a 4500
005 20170124110026.0
010 _aA-991918
020 _c00.00
_a8176291919
035 _aA-991918
037 _bCen Lib/Ret
040 _aDPL
_bEN
082 _a658.3
_bBHA
100 _aBhatia, S.K.
_911132
245 _aPrinciples and techniques of personel management / human resource management /
_cby S.K. Bhatia [and] Nirmal Singh
250 _a2nd rev. ed
260 _aNew Delhi
_bDeep & Deep Publications
_c2000
270 _bNew Delhi
_aF-159, rajouri garden
_e110027
300 _axxvi, 510p.
_c20cm(Hb)
500 _aIncludes index and bibliographical references
650 _aHuman resouces management
_920661
650 _aPersonel management
_xPrinciples and techniques
_920662
700 _aNirmal Singh
_920663
942 _2ddc
_cEN
_h658.3
_mBHA
999 _c127498
_d127498